000 00851cam a2200289 4500
008 090401t1995 xxu||||| |||| 00| 0 eng d
020 _a0112430082
035 _a(Sirsi) u69788
041 _aeng
050 _a630.0212
110 _aMinistry of Agriculture Fisheries and Food
245 4 _aThe digest of agricultural census statistics: United Kingdom 1994.
260 _aLondon
_bHMSO
_c1995
300 _aca.150p. ; 30cm.
350 _a21
650 _aAGRICULTURAL CENSUS
650 _aANIMAL HUSBANDRY
650 _aCROPS
650 _aEMPLOYMENT
650 _aFARMING
690 _aRURAL PRACTICE
710 _aScottish Office Agriculture and Fisheries Department
_9115
710 _aDepartment of Agriculture for Northern Ireland
_9119
710 _aUnited Kingdom
_bWelsh Office
_91214
942 _n0
948 _c04/03/1997
999 _c95232
_d95232